00611nam a2200181Ia 4500008004100000020001500041041001200056082001600068100001800084245006800102250000800170260002200178300000800200650001600208942000700224999001500231952018300246221030s9999 xx 000 0 und d a0074639374 aEnglish a105.23bTok aR. L. Tokheim 0aDigital Electronics Principles & Applicationscby R. L. Tokheim a5th bTMHaNew Delhic0 a406 aBE Computer cBK c6612d6612 pBE 1922g225.00l3o105.23 Tokr2025-10-09 00:00:00s2025-10-09w2022-10-30yBK003Print4070aMIETLIBbMIETLIBcBL-Academic Block C, FL-2, CUP-93, SH-2, R-2d2000-09-2010HBE